000 00751nas a2200253 4500
001 BR0600319
003 BR-BrBNA
005 20231205105801.0
007 ta
008 230509b bl.|||p| |||| 00| 00por d
040 _aBR-BrBNA
_bpor
_cBiblioteca Nacional de Agricultura
041 _a(Pt)
072 _aQ04
100 1 _aCollares, F.P.
100 1 _aKieckbusch, T.G.
100 1 _aFinzer, J.R.D.
245 1 _aRevisão: a transição vítrea em produtos alimentícios
650 _aALIMENTO
650 _aCOMPOSIÇÃO DE ALIMENTO
650 _aMODELO MATEMÁTICO
773 0 _tBrazilian Journal of Food Technology (Brazil)
_xISSN
_g(2002), v. 5 p. 117-130
_wBR0600319
909 _a202311
_bLúcia
_c55
_dLúcia Elande
942 _2AGRIS
_n0
_cANA
999 _c184663
_d184663